000 00677nam a2200217Ii 4500
003 JO-AjNU
008 230606s9999||||xx |||||||||||||| ||und||
020 _a978-0-19-883878-4
040 _aJO-AjNU
_beng
_erda
_cJO-AjNU
041 _aeng
050 1 4 _aKZ64 .B532 2019
100 3 _aedited Evans, Malcolm D,
_eauthor
_96096
245 0 0 _aBlackstone's International Law Documents 2019
250 _a14thed
264 3 1 _aOxford: Oxford University Press, 2019
300 _a599p
336 _atext
_btxt
_2rdacontent
337 _aunmediated
_bn
_2rdamedia
338 _avolume
_bnc
_2rdacarrier
650 4 _aInternational law--Sources Human rights--History--Sources.
_96097
999 _aE3165
_c3161
_d3161